| 000 | 00329nam a2200121Ia 4500 | ||
|---|---|---|---|
| 008 | 180219s9999 xx 000 0 und d | ||
| 020 | _a158255000 | ||
| 100 | _aOliver, Gina | ||
| 245 |
_cKnauff, Carol _aDosage calculations / |
||
| 250 | _a2nd ed | ||
| 260 |
_aUSA : _bLippincott williams & wilkins _c2000 |
||
| 300 | _av, 303 pages | ||
| 999 |
_c355963 _d355963 |
||